[Event "Guernsey International Chess Festival 2"]
[Site "?"]
[Date "2019.10.25"]
[Round "6.20"]
[White "Haisma, Henk"]
[Black "Denning, Julie L"]
[Result "1-0"]
[WhiteElo "1725"]
[BlackElo "1625"]
[PlyCount "77"]
[EventDate "2019.??.??"]

1. b4 e6 2. Bb2 Nf6 3. a3 b6 4. e3 Bb7 5. Nf3 a5 6. b5 c6 7. c4 cxb5 8. cxb5 d6
9. Be2 Be7 10. O-O O-O 11. d4 Nbd7 12. Nbd2 Rc8 13. Re1 Ne4 14. Nxe4 Bxe4 15.
Bd3 Bxd3 16. Qxd3 Qc7 17. Rac1 Qb8 18. e4 Rxc1 19. Rxc1 Rc8 20. Rc6 Rd8 21. Qc2
Kf8 22. g3 e5 23. d5 Nc5 24. a4 Rc8 25. Nd2 Bd8 26. Nc4 Bc7 27. Ba3 Rd8 28.
Bxc5 dxc5 29. Qd2 f6 30. d6 Bxd6 31. Rxd6 Rxd6 32. Qxd6+ Qxd6 33. Nxd6 g6 34.
Kf1 f5 35. exf5 gxf5 36. Nc8 Kf7 37. Nxb6 Ke6 38. Nc4 e4 39. Nxa5 1-0

[Event "Guernsey International Chess Festival 2"]
[Site "?"]
[Date "2019.10.25"]
[Round "6.21"]
[White "McGill, Brendan"]
[Black "Vonhoff, Joerg"]
[Result "0-1"]
[WhiteElo "1195"]
[BlackElo "1654"]
[PlyCount "58"]
[EventDate "2019.??.??"]

1. d4 Nf6 2. Bf4 g6 3. Nf3 Bg7 4. e3 d6 5. h3 Nbd7 6. Nbd2 c5 7. c3 a6 8. e4
cxd4 9. cxd4 Nh5 10. Be3 Qa5 11. Bd3 e5 12. O-O exd4 13. Bxd4 Bxd4 14. Nxd4 Qb4
15. N2b3 O-O 16. Rc1 Nc5 17. a3 Qb6 18. Nxc5 dxc5 19. Nb3 Nf4 20. Bc4 Qf6 21.
Rc3 b5 22. Bd5 Nxd5 23. Qxd5 Be6 24. Rf3 Bxd5 25. Rxf6 Bxb3 26. h4 Be6 27. h5
Kg7 28. e5 Rfd8 29. hxg6 hxg6 0-1

[Event "Guernsey International Chess Festival 2"]
[Site "?"]
[Date "2019.10.25"]
[Round "6.22"]
[White "Parfett, Gerald F"]
[Black "Foster, Paul"]
[Result "0-1"]
[WhiteElo "1633"]
[BlackElo "1533"]
[PlyCount "110"]
[EventDate "2019.??.??"]

1. d4 Nf6 2. Nf3 e6 3. c4 b6 4. Nc3 Bb4 5. Bg5 Bb7 6. e3 d6 7. Qc2 Bxc3+ 8.
bxc3 Nbd7 9. Be2 h6 10. Bh4 g5 11. Bg3 Nf8 12. O-O Be4 13. Qd1 Ng6 14. Bd3 Bxd3
15. Qxd3 Nh5 16. Rfd1 Nxg3 17. hxg3 O-O 18. Kf1 f5 19. Ke2 Qf6 20. Rh1 Kg7 21.
Rh2 Rh8 22. Rah1 Rad8 23. Qb1 c6 24. Qc2 e5 25. Qa4 e4 26. Nd2 Qe7 27. Qxc6 Rd7
28. Qb5 Qf7 29. a4 Rb7 30. f3 exf3+ 31. gxf3 Qe6 32. Kd3 Re7 33. Re1 Rhe8 34.
e4 f4 35. g4 Nh4 36. Qd5 Nxf3 37. Nxf3 Qxg4 38. Rf2 Qg3 39. Ree2 g4 40. e5 dxe5
41. Kd2 e4 42. Kc2 exf3 43. Rxe7+ Rxe7 44. Rd2 Qe1 45. Qf5 Qe4+ 46. Qxe4 Rxe4
47. d5 Kf7 48. Kd3 Re1 49. Rf2 Ke7 50. Kd4 Kd6 51. Rh2 g3 52. Rxh6+ Kd7 53.
Rh7+ Re7 54. Rh1 f2 55. a5 g2 0-1

[Event "Guernsey International Chess Festival 2"]
[Site "?"]
[Date "2019.10.25"]
[Round "6.23"]
[White "Knudsen, Jan"]
[Black "Foran, Barry"]
[Result "1-0"]
[WhiteElo "1603"]
[BlackElo "1627"]
[PlyCount "41"]
[EventDate "2019.??.??"]

1. e4 c6 2. d4 d5 3. f3 e6 4. Ne2 dxe4 5. fxe4 Qh4+ 6. Ng3 Bb4+ 7. c3 Be7 8.
Bd3 b6 9. O-O Bb7 10. Qf3 Qf6 11. Bf4 c5 12. Nh5 Qg6 13. d5 Ba6 14. c4 Nf6 15.
Nxf6+ gxf6 16. e5 f5 17. d6 O-O 18. dxe7 Rc8 19. Qxa8 f6 20. Qxa7 Re8 21. exf6
1-0

[Event "Guernsey International Chess Festival 2"]
[Site "?"]
[Date "2019.10.25"]
[Round "6.24"]
[White "Finch, Russell"]
[Black "Kershaw, Graham"]
[Result "0-1"]
[WhiteElo "1638"]
[BlackElo "1631"]
[PlyCount "70"]
[EventDate "2019.??.??"]

1. Nf3 e6 2. c4 d5 3. d4 Nf6 4. Bg5 Be7 5. e3 b6 6. Nc3 Bb7 7. cxd5 Nxd5 8.
Bxe7 Qxe7 9. Rc1 O-O 10. Bd3 Nd7 11. Nxd5 Bxd5 12. Qc2 Qb4+ 13. Ke2 Nf6 14. e4
Bxa2 15. e5 Bb3 16. Qb1 Nd5 17. Bxh7+ Kh8 18. g3 Rac8 19. Qd3 Ba4 20. Qb1 c5
21. dxc5 bxc5 22. Bd3 c4 23. Bc2 Bxc2 24. Qxc2 c3 25. h4 cxb2 26. Qxc8 Rxc8 27.
Rxc8+ Kh7 28. Ng5+ Kg6 29. f4 b1=Q 30. h5+ Kf5 31. g4+ Kxg4 32. Rxb1 Qxb1 33.
h6 Nxf4+ 34. Ke3 Qd3+ 35. Kf2 Qe2+ 0-1

[Event "Guernsey International Chess Festival 2"]
[Site "?"]
[Date "2019.10.25"]
[Round "6.25"]
[White "Jones, Sidney A"]
[Black "Nalichowski, Bogdan"]
[Result "0-1"]
[WhiteElo "1524"]
[BlackElo "1375"]
[PlyCount "88"]
[EventDate "2019.??.??"]

1. d4 d5 2. c4 Nf6 3. Nf3 h6 4. e3 a6 5. Nc3 Nc6 6. h3 b6 7. Bd3 e6 8. O-O Be7
9. a3 a5 10. Qc2 Bb7 11. Re1 dxc4 12. Bxc4 Bd6 13. e4 e5 14. Be3 O-O 15. Rad1
Qe7 16. d5 Na7 17. Nb5 Qd7 18. Nxa7 Rxa7 19. Qc1 Nh7 20. Nh4 Be7 21. Nf5 Bg5
22. Bxg5 hxg5 23. Qc3 Re8 24. d6 Bc8 25. Ne7+ Kf8 26. Qxe5 cxd6 27. Ng6+ fxg6
28. Qxd6+ Qxd6 29. Rxd6 Nf6 30. f3 Rb7 31. Bb5 Bd7 32. Bxd7 Nxd7 33. Red1 Ne5
34. R1d4 Ree7 35. Kf2 Red7 36. R6d5 Kf7 37. Rxd7+ Rxd7 38. Rxd7+ Nxd7 39. Ke3
Ke6 40. Kd4 Kd6 41. b4 axb4 42. axb4 b5 43. g3 Ne5 44. Ke3 Nc6 0-1

[Event "Guernsey International Chess Festival 2"]
[Site "?"]
[Date "2019.10.25"]
[Round "6.26"]
[White "Kirkwood, Robin"]
[Black "Bakkes, Frits"]
[Result "0-1"]
[WhiteElo "1628"]
[BlackElo "1605"]
[PlyCount "76"]
[EventDate "2019.??.??"]

1. f4 d5 2. Nf3 Nc6 3. g3 g6 4. Bg2 Bg7 5. O-O Nf6 6. d3 O-O 7. Qe1 d4 8. c3
Bg4 9. h3 Bxf3 10. Bxf3 Nd5 11. e4 dxe3 12. Bxe3 Nxe3 13. Qxe3 Qd7 14. Kh2 e6
15. Na3 Rab8 16. d4 Ne7 17. Rad1 Rfd8 18. Nc4 Nf5 19. Qf2 Nd6 20. Ne5 Qe7 21.
c4 Bxe5 22. dxe5 Nxc4 23. Rxd8+ Rxd8 24. Qxa7 Nd2 25. Rf2 Nxf3+ 26. Rxf3 b6 27.
Rf2 Qc5 28. Rg2 Qc1 29. b3 Rd1 30. Qa8+ Kg7 31. Rf2 c6 32. Kg2 Rg1+ 33. Kf3
Qd1+ 34. Re2 Rf1+ 35. Ke3 Qc1+ 36. Kd3 Rd1+ 37. Ke4 Qc3 38. Qa6 Rd4# 0-1

[Event "Guernsey International Chess Festival 2"]
[Site "?"]
[Date "2019.10.25"]
[Round "6.27"]
[White "Gunn, Michael J"]
[Black "Goman, Colin"]
[Result "1/2-1/2"]
[WhiteElo "1608"]
[BlackElo "1671"]
[PlyCount "55"]
[EventDate "2019.??.??"]

1. e4 g6 2. d4 Bg7 3. Nf3 d6 4. Be2 Nf6 5. Nc3 O-O 6. O-O c5 7. Be3 b6 8. h3
Nbd7 9. e5 dxe5 10. dxe5 Ne8 11. Bf4 e6 12. Qd2 Nc7 13. Rad1 a6 14. Ne4 Ne8 15.
Bh6 Qc7 16. Bxg7 Kxg7 17. Qc3 b5 18. Nd6 b4 19. Qd2 Nxd6 20. exd6 Qd8 21. Qe3
Bb7 22. Ne5 f6 23. Nxd7 Qxd7 24. Bf3 Bxf3 25. Qxf3 Rac8 26. Rd2 Rc6 27. Rfd1
Rd8 28. Qe3 1/2-1/2

[Event "Guernsey International Chess Festival 2"]
[Site "?"]
[Date "2019.10.25"]
[Round "6.28"]
[White "Henry, Eric"]
[Black "Harnden, Terry"]
[Result "1-0"]
[WhiteElo "1591"]
[BlackElo "1499"]
[PlyCount "55"]
[EventDate "2019.??.??"]

1. d4 Nf6 2. Nf3 e6 3. e3 Be7 4. Bd3 O-O 5. O-O d5 6. Nbd2 Nbd7 7. c3 c5 8. Ne5
c4 9. Bc2 b5 10. f4 Nxe5 11. fxe5 Ne8 12. Qh5 g6 13. Qh6 Bg5 14. Qh3 Ng7 15.
Nf3 Nh5 16. g4 Ng7 17. Bd2 f5 18. Rf2 Rf7 19. Raf1 Bd7 20. Qg3 Qe7 21. h4 Bh6
22. g5 Nh5 23. Qh3 Bg7 24. Bd1 f4 25. exf4 Nxf4 26. Bxf4 Rxf4 27. Nh2 Raf8 28.
Rxf4 1-0

[Event "Guernsey International Chess Festival 2"]
[Site "?"]
[Date "2019.10.25"]
[Round "6.29"]
[White "Le Maitre, Richard"]
[Black "Bennett, Delroy"]
[Result "1/2-1/2"]
[WhiteElo "1351"]
[BlackElo "1326"]
[PlyCount "110"]
[EventDate "2019.??.??"]

1. d4 d5 2. c4 c6 3. Nc3 Nf6 4. e3 Bg4 5. Be2 Bxe2 6. Qxe2 e6 7. a3 Bd6 8. c5
Bc7 9. Nf3 O-O 10. Bd2 b6 11. b4 bxc5 12. bxc5 a5 13. O-O Nbd7 14. a4 e5 15.
dxe5 Nxe5 16. Nxe5 Bxe5 17. f4 Bc7 18. Qe1 Re8 19. Qf2 Ne4 20. Nxe4 Rxe4 21.
Rfe1 Qf6 22. Qg3 Qg6 23. Qxg6 fxg6 24. Bc3 Bd8 25. Bd4 Bf6 26. Bxf6 gxf6 27. g4
Rae8 28. Kf2 Rc4 29. Rec1 Ree4 30. Rxc4 Rxc4 31. h4 Rxc5 32. h5 Kg7 33. hxg6
hxg6 34. Rb1 Rc2+ 35. Kf3 c5 36. Rb7+ Kf8 37. Rb5 c4 38. Rxd5 c3 39. Rxa5 Rc1
40. Ke2 Ra1 41. Kd3 Ra3 42. Kc2 Ke7 43. Rc5 Rxa4 44. Rxc3 Kd6 45. Kb3 Re4 46.
Rd3+ Ke6 47. Kc3 f5 48. g5 Ke7 49. Kd2 Ra4 50. Ke2 Ra2+ 51. Kf3 Ra1 52. Rb3 Ra7
53. Rb6 Kf7 54. Rb4 Re7 55. Rb6 Kg7 1/2-1/2

[Event "Guernsey International Chess Festival 2"]
[Site "?"]
[Date "2019.10.25"]
[Round "6.30"]
[White "Bennett, David"]
[Black "Rowe, Oliver"]
[Result "1/2-1/2"]
[WhiteElo "1401"]
[BlackElo "1545"]
[PlyCount "44"]
[EventDate "2019.??.??"]

1. Nf3 Nf6 2. d4 d5 3. Bf4 Bg4 4. Nbd2 e6 5. a3 c5 6. h3 Bh5 7. e3 cxd4 8. exd4
Bd6 9. Bxd6 Qxd6 10. Be2 Nc6 11. c3 O-O 12. O-O Rfe8 13. Nh2 Bxe2 14. Qxe2 e5
15. dxe5 Rxe5 16. Qd1 Rae8 17. Nhf3 R5e7 18. Qc2 Ne5 19. Rad1 Nxf3+ 20. Nxf3
Qb6 21. Rfe1 Rxe1+ 22. Rxe1 Rxe1+ 1/2-1/2

[Event "Guernsey International Chess Festival 2"]
[Site "?"]
[Date "2019.10.26"]
[Round "7.10"]
[White "Hamann, Marcus"]
[Black "Strade, Arita"]
[Result "0-1"]
[WhiteElo "1802"]
[BlackElo "1882"]
[PlyCount "126"]
[EventDate "2019.??.??"]

1. e4 g6 2. d4 Bg7 3. Nc3 c6 4. Nf3 d6 5. Bc4 b5 6. Bd3 b4 7. Ne2 Nd7 8. a3
bxa3 9. Rxa3 Ngf6 10. Bd2 Bb7 11. Qa1 Qb8 12. Bc3 O-O 13. Ng3 Ne8 14. O-O Nc7
15. e5 Nd5 16. exd6 exd6 17. Bd2 c5 18. c3 N7b6 19. Re1 Qc7 20. Bb5 Bc6 21.
Bxc6 Qxc6 22. Ra6 Nc7 23. Ra2 c4 24. Qc1 Rfe8 25. Rxe8+ Qxe8 26. Bf4 Qc6 27.
Qc2 Ne6 28. Bd2 f5 29. Ng5 Nf8 30. Ra1 h6 31. Nf3 Nd5 32. Qa4 Qc7 33. Qa5 Qf7
34. Re1 Nd7 35. Bc1 N7f6 36. Nd2 Nb6 37. Qa3 Bf8 38. Qa2 a5 39. h3 a4 40. Qb1
Nfd5 41. Nf3 a3 42. bxa3 Na4 43. Ne2 Naxc3 44. Qc2 Nxe2+ 45. Qxe2 Nc3 46. Qe3
Nb5 47. Bb2 f4 48. Qe4 Ra7 49. d5 c3 50. Bc1 g5 51. Nd4 Nxd4 52. Qxd4 Bg7 53.
Qb4 Be5 54. Re4 Kg7 55. Qc4 Qd7 56. a4 Rc7 57. Qb4 f3 58. Be3 c2 59. Rc4 Rb7
60. Bb6 Qf5 61. a5 Qd3 62. g3 Qd1+ 63. Kh2 Qf1 0-1

[Event "Guernsey International Chess Festival 2"]
[Site "?"]
[Date "2019.10.26"]
[Round "7.12"]
[White "Coenen, Albert"]
[Black "Dennis, Nigel W"]
[Result "1/2-1/2"]
[WhiteElo "1899"]
[BlackElo "1768"]
[PlyCount "63"]
[EventDate "2019.??.??"]

1. c4 Nf6 2. Nc3 e5 3. Nf3 Nc6 4. g3 d6 5. Bg2 Be7 6. d4 exd4 7. Nxd4 Nxd4 8.
Qxd4 O-O 9. O-O a6 10. e4 c5 11. Qd3 Be6 12. f4 Qc7 13. f5 Bd7 14. h3 Bc6 15.
g4 Nd7 16. g5 Ne5 17. Qe2 f6 18. g6 h6 19. Nd5 Bxd5 20. exd5 Rfe8 21. Bf4 Bf8
22. Qc2 b5 23. cxb5 axb5 24. a4 Rxa4 25. Rxa4 bxa4 26. Qxa4 Rb8 27. b3 Rb4 28.
Qa2 Qb6 29. Bxe5 dxe5 30. Kh1 Bd6 31. Qa8+ Qb8 32. Qxb8+ 1/2-1/2

[Event "Guernsey International Chess Festival 2"]
[Site "?"]
[Date "2019.10.26"]
[Round "7.13"]
[White "Hermes, Geoff R"]
[Black "Remie, Peter"]
[Result "1/2-1/2"]
[WhiteElo "1833"]
[BlackElo "1688"]
[PlyCount "23"]
[EventDate "2019.??.??"]

1. d4 Nf6 2. Bf4 d5 3. e3 c6 4. c3 Bf5 5. Bd3 Bxd3 6. Qxd3 e6 7. Nf3 h6 8. h3
Bd6 9. Bxd6 Qxd6 10. Nbd2 Nbd7 11. O-O O-O 12. Rfe1 1/2-1/2

[Event "Guernsey International Chess Festival 2"]
[Site "?"]
[Date "2019.10.26"]
[Round "7.14"]
[White "Kearsley, Raymond J"]
[Black "Ingham, H William"]
[Result "0-1"]
[WhiteElo "1597"]
[BlackElo "1807"]
[PlyCount "124"]
[EventDate "2019.??.??"]

1. e4 d5 2. exd5 Nf6 3. Bb5+ Bd7 4. Be2 Nxd5 5. d4 Nc6 6. c4 Nf6 7. Nf3 Bg4 8.
d5 Bxf3 9. Bxf3 Ne5 10. O-O Nxf3+ 11. Qxf3 g6 12. Bf4 Bg7 13. Nc3 Nh5 14. Bg5
O-O 15. Rad1 Bf6 16. Bc1 Bg7 17. Rfe1 Qd7 18. Re2 Rae8 19. Rde1 c6 20. dxc6
bxc6 21. Ne4 Bd4 22. b3 f5 23. Ng5 e5 24. b4 e4 25. Qb3 c5 26. bxc5 Rb8 27. Qc2
h6 28. Nh3 Qg7 29. Nf4 Nxf4 30. Bxf4 Rb2 31. Qd1 Rxe2 32. Rxe2 Rd8 33. Bd6 Be5
34. Rd2 Bc3 35. Rd5 Qb7 36. Qa4 Qb4 37. Qxb4 Bxb4 38. Kf1 Kf7 39. Ke2 Ke6 40.
Ke3 Rd7 41. Kd4 Be1 42. Bg3 Bb4 43. Rxd7 Kxd7 44. Kd5 g5 45. h4 f4 46. Bh2 e3
47. c6+ Ke7 48. fxe3 fxe3 49. hxg5 hxg5 50. Bg3 e2 51. c5 e1=Q 52. Bxe1 Bxe1
53. g4 Bg3 54. Ke4 Ke6 55. Kd4 Bc7 56. Ke4 Be5 57. a4 a5 58. c7 Bxc7 59. c6 Be5
60. Ke3 Kd5 61. Kd3 Kxc6 62. Ke4 Kd6 0-1

[Event "Guernsey International Chess Festival 2"]
[Site "?"]
[Date "2019.10.26"]
[Round "7.15"]
[White "Van Hoek, Wim"]
[Black "Knudsen, Jan"]
[Result "1/2-1/2"]
[WhiteElo "1863"]
[BlackElo "1603"]
[PlyCount "81"]
[EventDate "2019.??.??"]

1. e4 c5 2. Nf3 d6 3. c3 Nf6 4. Be2 Nc6 5. d4 cxd4 6. cxd4 Bd7 7. Nc3 g6 8. O-O
Bg7 9. h3 O-O 10. Be3 a6 11. Rc1 Rc8 12. d5 Ne5 13. Nxe5 dxe5 14. a4 Ne8 15.
Qb3 Nd6 16. f3 f5 17. Bd3 f4 18. Bf2 Qe8 19. a5 Qf7 20. Na4 Bxa4 21. Qxa4 g5
22. Qd7 Rfd8 23. Qe6 Bf6 24. Qxf7+ Kxf7 25. Bb6 Rg8 26. b4 Rxc1 27. Rxc1 Rc8
28. Rxc8 Nxc8 29. Bc5 Nd6 30. Kf1 Ke8 31. Bxd6 exd6 32. b5 axb5 33. Bxb5+ Kd8
34. a6 bxa6 35. Bxa6 Kc7 36. Ke2 Kb6 37. Bc8 Kc5 38. Ba6 h5 39. Bc8 h4 40. Ba6
Bd8 41. Kd3 1/2-1/2

[Event "Guernsey International Chess Festival 2"]
[Site "?"]
[Date "2019.10.26"]
[Round "7.16"]
[White "Turner, David J"]
[Black "Colsen, Manuel"]
[Result "1-0"]
[WhiteElo "1746"]
[BlackElo "1583"]
[PlyCount "85"]
[EventDate "2019.??.??"]

1. e4 c6 2. d3 d5 3. Nd2 e5 4. Ngf3 Bd6 5. Qe2 Bg4 6. h3 Bxf3 7. Nxf3 Nd7 8.
Bg5 Be7 9. Bd2 Qc7 10. O-O-O Ngf6 11. g4 O-O-O 12. Bg2 h6 13. Rdf1 dxe4 14.
dxe4 Nc5 15. Ne1 Qd7 16. f3 Na4 17. Be3 Qe6 18. Kb1 Ba3 19. Bc1 Qd6 20. Qc4
Nxb2 21. Qb3 Qc5 22. Nd3 Nxd3 23. Bxa3 Qb5 24. Qxb5 cxb5 25. cxd3 Rxd3 26. Rc1+
Kd7 27. Rhd1 Rxd1 28. Rxd1+ Kc6 29. Bf1 Nd7 30. Bxb5+ Kxb5 31. Rxd7 Ka4 32. Bb2
Rc8 33. Rxb7 a6 34. Rxf7 Rc4 35. Bxe5 Rb4+ 36. Bb2 g5 37. Rf6 Kb5 38. Rxh6 Rc4
39. Rg6 Rc5 40. Bc1 Rc3 41. Rxg5+ Kc4 42. Rf5 Rd3 43. h4 1-0

[Event "Guernsey International Chess Festival 2"]
[Site "?"]
[Date "2019.10.26"]
[Round "7.17"]
[White "Vonhoff, Joerg"]
[Black "Haisma, Henk"]
[Result "1-0"]
[WhiteElo "1654"]
[BlackElo "1725"]
[PlyCount "67"]
[EventDate "2019.??.??"]

1. e4 c5 2. Nf3 d6 3. d4 cxd4 4. Nxd4 a6 5. Nc3 Nf6 6. Be3 e6 7. Be2 Be7 8. f4
Nbd7 9. g4 Nc5 10. Bf3 Qc7 11. g5 Nfd7 12. b4 Nxe4 13. Nxe4 d5 14. Nd2 Bxb4 15.
Kf2 b5 16. N2b3 Bb7 17. a3 Bd6 18. Qd2 g6 19. Na5 O-O 20. Nxb7 Qxb7 21. h4 Nb6
22. Qd3 Rfe8 23. h5 e5 24. fxe5 Bxe5 25. hxg6 fxg6 26. Rh3 Qf7 27. Rah1 Bf4 28.
Bxf4 Qxf4 29. Rxh7 Qxg5 30. Nc6 Qf6 31. Rh8+ Kf7 32. R1h7+ Ke6 33. Qe3+ Kf5 34.
Nd4+ 1-0

[Event "Guernsey International Chess Festival 2"]
[Site "?"]
[Date "2019.10.26"]
[Round "7.18"]
[White "Kirk, Matthew"]
[Black "Nielsen, Jorgen Holmstrom"]
[Result "1-0"]
[WhiteElo "1722"]
[BlackElo "1715"]
[PlyCount "111"]
[EventDate "2019.??.??"]

1. d4 Nf6 2. c4 e5 3. dxe5 Ng4 4. Bf4 Nc6 5. Nf3 Bb4+ 6. Nbd2 Qe7 7. e3 Ngxe5
8. Nxe5 Nxe5 9. Be2 O-O 10. O-O Bxd2 11. Qxd2 b6 12. Bxe5 Qxe5 13. Bf3 Rb8 14.
b4 d6 15. b5 Bb7 16. Bxb7 Rxb7 17. Qd5 Qxd5 18. cxd5 Ra8 19. a4 a6 20. e4 Rba7
21. Rab1 axb5 22. axb5 Kf8 23. Rfc1 Ke8 24. f3 Kd7 25. Rc2 Ra5 26. Kf2 R8a7 27.
g4 Ra3 28. h4 Kd8 29. Kg3 Rd3 30. g5 Raa3 31. Rf2 Rdb3 32. Rxb3 Rxb3 33. Ra2
Rxb5 34. Ra8+ Ke7 35. Rg8 g6 36. Rh8 Ra5 37. Rxh7 Ra8 38. h5 gxh5 39. Rxh5 b5
40. Rh2 Rb8 41. Rb2 Kd7 42. Kf4 c5 43. dxc6+ Kxc6 44. Ke3 Kc5 45. Rc2+ Kb4 46.
Kd4 Kb3 47. Rc7 b4 48. Kd3 Rb5 49. f4 Kb2 50. Rxf7 b3 51. g6 Rh5 52. g7 Rh3+
53. Kd4 Rg3 54. f5 Kb1 55. f6 b2 56. Rb7 1-0

[Event "Guernsey International Chess Festival 2"]
[Site "?"]
[Date "2019.10.26"]
[Round "7.19"]
[White "Foster, Paul"]
[Black "Nevska, Gerda"]
[Result "0-1"]
[WhiteElo "1533"]
[BlackElo "1858"]
[PlyCount "68"]
[EventDate "2019.??.??"]

1. e4 b6 2. d4 e6 3. Nf3 Bb7 4. Bd3 Nf6 5. Qe2 d5 6. exd5 Qxd5 7. Nbd2 Nc6 8.
c3 Bd6 9. Ba6 Bxa6 10. Qxa6 O-O 11. Qc4 Ne4 12. Qxd5 exd5 13. O-O Ne7 14. Re1
f5 15. Nf1 h6 16. h4 Ng6 17. g3 f4 18. g4 Be7 19. h5 Nh4 20. N1h2 Rae8 21. a4
c5 22. Kf1 cxd4 23. cxd4 Bb4 24. Rd1 Ng3+ 25. Kg1 Nxf3+ 26. Nxf3 Ne4 27. Ne5
Rf6 28. Kg2 Rc8 29. Nf3 Rc2 30. Rf1 g5 31. Ne5 Rf8 32. Nd3 Bd6 33. Kf3 Rfc8 34.
b3 R8c3 0-1

[Event "Guernsey International Chess Festival 2"]
[Site "?"]
[Date "2019.10.26"]
[Round "7.20"]
[White "O'connell, Denis"]
[Black "Kershaw, Graham"]
[Result "1-0"]
[WhiteElo "1787"]
[BlackElo "1631"]
[PlyCount "63"]
[EventDate "2019.??.??"]

1. e4 e6 2. Nf3 d5 3. Nc3 c5 4. exd5 exd5 5. Bb5+ Bd7 6. Qe2+ Be7 7. Nxd5 Bc6
8. Nxe7 Nxe7 9. Ne5 Qc7 10. Nxc6 Nbxc6 11. Bxc6+ Qxc6 12. O-O Rd8 13. d3 Rd6
14. Qe4 Qd7 15. Be3 b6 16. Qa8+ Nc8 17. Bf4 Re6 18. Rfe1 O-O 19. Rxe6 Qxe6 20.
Qe4 Qf6 21. Qe5 Qg6 22. Re1 h6 23. h3 Qc6 24. Qc7 Qd5 25. b3 Qd4 26. Qe5 Qd8
27. Re4 Qd7 28. Bg3 a5 29. Rg4 f6 30. Qc7 Qxc7 31. Bxc7 f5 32. Rg6 1-0

[Event "Guernsey International Chess Festival 2"]
[Site "?"]
[Date "2019.10.26"]
[Round "7.21"]
[White "Bakkes, Frits"]
[Black "Stanners, Michael J"]
[Result "0-1"]
[WhiteElo "1605"]
[BlackElo "1752"]
[PlyCount "50"]
[EventDate "2019.??.??"]

1. e4 d6 2. d4 Nf6 3. Nc3 Nbd7 4. g4 h6 5. g5 hxg5 6. Bxg5 e5 7. Nd5 c6 8.
Nxf6+ Nxf6 9. dxe5 dxe5 10. Qxd8+ Kxd8 11. Nf3 Bd6 12. O-O-O Kc7 13. Bxf6 gxf6
14. Nd2 Bc5 15. Bc4 Be6 16. Rdf1 Rad8 17. Bxe6 fxe6 18. h4 Rd7 19. Rh3 Rhd8 20.
Nb3 Bxf2 21. h5 f5 22. h6 f4 23. h7 Be3+ 24. Rxe3 fxe3 25. Nc5 e2 0-1

[Event "Guernsey International Chess Festival 2"]
[Site "?"]
[Date "2019.10.26"]
[Round "7.22"]
[White "Nalichowski, Bogdan"]
[Black "Baart, Edwin"]
[Result "0-1"]
[WhiteElo "1375"]
[BlackElo "1746"]
[PlyCount "63"]
[EventDate "2019.??.??"]

1. e4 e5 2. Bc4 Nf6 3. Nc3 Nc6 4. d3 d6 5. h3 Be7 6. Nf3 Na5 7. a3 Nxc4 8. dxc4
O-O 9. O-O Be6 10. b3 Nd7 11. Be3 f5 12. Qe2 fxe4 13. Nxe4 Nf6 14. Neg5 Bd7 15.
Bd2 h6 16. Ne4 Nxe4 17. Qxe4 Bc6 18. Qe2 Bxf3 19. gxf3 Bg5 20. Kh1 Bf4 21. Bxf4
Rxf4 22. Rg1 Qf6 23. Rg3 Rf8 24. Rag1 Rf7 25. Rg6 Qh4 26. R1g3 Qh5 27. Qd1 Rxf3
28. Rxg7+ Rxg7 29. Qd5+ Rff7 30. Re3 Qg5 31. Re1 Qf4 32. Re2 0-1

[Event "Guernsey International Chess Festival 2"]
[Site "?"]
[Date "2019.10.26"]
[Round "7.23"]
[White "Denning, Julie L"]
[Black "Parfett, Gerald F"]
[Result "0-1"]
[WhiteElo "1625"]
[BlackElo "1633"]
[PlyCount "42"]
[EventDate "2019.??.??"]

1. d4 Nf6 2. c4 c5 3. d5 b5 4. a3 a6 5. Bg5 d6 6. e3 Nbd7 7. Nc3 bxc4 8. Bxc4
g6 9. Nf3 Bg7 10. O-O O-O 11. Re1 Nb6 12. Ba2 Bb7 13. e4 Ng4 14. Rc1 Ne5 15.
Bf4 Nbd7 16. Nd2 Nd3 17. Re3 Nxf4 18. Qf3 Nh5 19. Qh3 Bc8 20. Qf3 Bd4 21. Ree1
Ne5 0-1

[Event "Guernsey International Chess Festival 2"]
[Site "?"]
[Date "2019.10.26"]
[Round "7.24"]
[White "Foran, Barry"]
[Black "McGill, Brendan"]
[Result "1/2-1/2"]
[WhiteElo "1627"]
[BlackElo "1195"]
[PlyCount "85"]
[EventDate "2019.??.??"]

1. d4 d5 2. Nf3 Nf6 3. e3 e6 4. Bd3 c5 5. b3 cxd4 6. exd4 h6 7. O-O Bd6 8. Bb2
O-O 9. Nbd2 Nc6 10. a3 Qc7 11. Re1 a6 12. Ne5 Nd7 13. Ndf3 Ncxe5 14. Nxe5 Nxe5
15. dxe5 Be7 16. c4 dxc4 17. Bxc4 b5 18. Bf1 Bb7 19. Rc1 Bc6 20. Qg4 Rad8 21.
Rc2 Qb7 22. Bc1 Kh7 23. b4 Rg8 24. Be3 Be4 25. Rc3 Bf5 26. Qg3 g5 27. Rec1 Rc8
28. Bc5 Bxc5 29. bxc5 Rc6 30. Be2 Rc7 31. c6 Qb6 32. Qf3 b4 33. axb4 Qxb4 34.
Rb3 Qe4 35. Qxe4 Bxe4 36. Bf3 Bxf3 37. gxf3 Rgc8 38. Rbc3 Kg6 39. Rc5 Kf5 40.
R1c4 h5 41. h3 a5 42. Rxa5 Rxc6 43. Rxc6 1/2-1/2

[Event "Guernsey International Chess Festival 2"]
[Site "?"]
[Date "2019.10.26"]
[Round "7.25"]
[White "Henry, Eric"]
[Black "Finch, Russell"]
[Result "1/2-1/2"]
[WhiteElo "1591"]
[BlackElo "1638"]
[PlyCount "47"]
[EventDate "2019.??.??"]

1. d4 Nf6 2. Nf3 g6 3. e3 Bg7 4. b3 d6 5. Bb2 O-O 6. Nbd2 Nbd7 7. Be2 b6 8. O-O
Bb7 9. c4 c5 10. d5 Re8 11. Re1 Qc7 12. Qc2 b5 13. Rab1 bxc4 14. bxc4 e6 15. e4
exd5 16. exd5 Nb6 17. Bd3 Qd7 18. h3 Rxe1+ 19. Rxe1 Re8 20. Rxe8+ Qxe8 21. Kf1
Bc8 22. Ne4 Nxe4 23. Bxg7 Kxg7 24. Bxe4 1/2-1/2

[Event "Guernsey International Chess Festival 2"]
[Site "?"]
[Date "2019.10.26"]
[Round "7.26"]
[White "Goman, Colin"]
[Black "Jones, Sidney A"]
[Result "0-1"]
[WhiteElo "1671"]
[BlackElo "1524"]
[PlyCount "34"]
[EventDate "2019.??.??"]

1. c4 c5 2. Nc3 Nf6 3. Nf3 e6 4. e3 Be7 5. d4 O-O 6. Bd3 d5 7. O-O Nc6 8. b3 a6
9. Re1 Qc7 10. Bb1 Rd8 11. e4 dxc4 12. e5 Nd5 13. Qc2 g6 14. Nxd5 exd5 15. bxc4
Bf5 16. Qc3 cxd4 17. Nxd4 Bb4 0-1

[Event "Guernsey International Chess Festival 2"]
[Site "?"]
[Date "2019.10.26"]
[Round "7.27"]
[White "Bennett, Delroy"]
[Black "Bennett, David"]
[Result "1/2-1/2"]
[WhiteElo "1326"]
[BlackElo "1401"]
[PlyCount "98"]
[EventDate "2019.??.??"]

1. e4 e6 2. d4 c5 3. c3 cxd4 4. cxd4 d5 5. e5 Bb4+ 6. Nc3 Qc7 7. Bd2 Bxc3 8.
Bxc3 Ne7 9. Bb5+ Nd7 10. Nf3 O-O 11. O-O a6 12. Ba4 b5 13. Bc2 Ng6 14. Rc1 Qb6
15. Bb4 Re8 16. Bd2 Bb7 17. Ng5 Qxd4 18. Bc3 Qxd1 19. Rcxd1 Rac8 20. Bxg6 fxg6
21. f4 h6 22. Nf3 Rf8 23. Nd4 Rfe8 24. a3 Nb6 25. Nf3 Nc4 26. Rd3 Rf8 27. Nd4
Rfe8 28. Rf2 Rc7 29. Bb4 a5 30. Bc3 Ba6 31. Rg3 Kh7 32. Nb3 Rf8 33. Nxa5 Nxa5
34. Bxa5 Rc1+ 35. Rf1 Rxf1+ 36. Kxf1 Rxf4+ 37. Kg1 Re4 38. Bc7 Rc4 39. Rc3 Rxc3
40. bxc3 g5 41. Kf2 Kg6 42. h3 Kf5 43. Ke3 h5 44. Bb8 g4 45. hxg4+ Kxg4 46. Kf2
Kf5 47. g3 g5 48. Bc7 g4 49. Ke3 Kg6 1/2-1/2

[Event "Guernsey International Chess Festival 2"]
[Site "?"]
[Date "2019.10.26"]
[Round "7.28"]
[White "Harnden, Terry"]
[Black "Gunn, Michael J"]
[Result "1/2-1/2"]
[WhiteElo "1499"]
[BlackElo "1608"]
[PlyCount "47"]
[EventDate "2019.??.??"]

1. e4 e6 2. d4 d5 3. e5 c5 4. c3 Nc6 5. Nf3 Bd7 6. Bd3 Nge7 7. O-O Ng6 8. g3
Qb6 9. Qb3 c4 10. Qxb6 axb6 11. Bxg6 hxg6 12. Bg5 b5 13. Bd2 b4 14. cxb4 Bxb4
15. Bc3 Be7 16. Nbd2 b5 17. a3 O-O 18. Rfd1 Ra7 19. Ne1 Rfa8 20. Nc2 b4 21.
axb4 Rxa1 22. Rxa1 Rxa1+ 23. Nxa1 Bxb4 24. Nc2 1/2-1/2